Retos para la sostenibilidad y el desarrollo social, educativo y econm̤ico-laboral anl̀isis de experiencias /

Detalles Bibliográficos
Autor principal: Barranco Barroso, Rut
Otros Autores: Cano Montero, Elisa Isabel, Ramiro, Beatriz Esteban, Gonzl̀ez Da̕z, Ivǹ
Formato: eBook
Lenguaje:español
Publicado: Madrid: Dykinson, 2022
Materias:
Acceso en línea:Acceso restringido

MARC

LEADER 00000nam a22000007a 4500
005 20220920003240.0
007 cr|||| ||||
008 220920s2022 es |||||s|||| 00||0 spa d
020 |a 978-84-1122-300-3 
035 |a 37087 
040 |a vLex 
090 |c 13959  |d 13959 
100 1 |a Barranco Barroso, Rut 
245 1 0 |a Retos para la sostenibilidad y el desarrollo social, educativo y econm̤ico-laboral  |h [Recurso electrn̤ico] :  |b anl̀isis de experiencias /  |c Rut Barranco Barroso, Elisa Isabel Cano Montero, Beatriz Esteban Ramiro, Ivǹ Gonzl̀ez Da̕z 
256 |a Servicio en ln̕ea 
260 |a Madrid:  |b Dykinson,  |c 2022 
300 |a 1 recurso electrn̤ico 
500 |a Lograr un equilibrio entre las necesidades econm̤icas, sociales y ambientales de las generaciones presentes y futuras, teniendo en cuenta los intereses comunes, es el mayor desafo̕ al que nos enfrentamos en contexto global. La Agenda 2030 incluye un plan teniendo en cuenta estas premisas iniciales concretǹdose en 17 Objetivos para el Desarrollo Sostenible que abarcan los ms̀ importantes m̀bitos del desarrollo. Desde la Universidad de Castilla-La Mancha, el equipo docente e investigador de la Facultad de Ciencias Sociales de Talavera de la Reina, junto con algunas personas colaboradoras, ofrecen esta obra colectiva con el objetivo de presentar sus estudios en el marco de los Objetivos para el Desarrollo Sostenible. Organizando el escrito partiendo de algunas situaciones relacionadas con las vertientes –social, econm̤ica y ambiental–, de los mismos. Pretendiendo contribuir con su anl̀isis a aumentar el abanico de respuestas que estos retos plantean. La estructura de este libro queda configurada en tres bloques temt̀icos: el primero toma por tt̕ulo: Inclusin̤ social y educativa: la situacin̤ de algunos grupos sociales. El segundo bloque aborda Empleo y economa̕ desde un enfoque de sostenibilidad social y el tercero: la Sostenibilidad en el territorio. Cada bloque est ̀integrado por varios capt̕ulos que dotan de un amplio contenido a la temt̀ica principal. Todas las contribuciones, se abordan desde una perspectiva de anl̀isis de situaciones y pretenden arrojar evidencias que supongan un punto de partida para algunos de los retos de la sostenibilidad en su relacin̤ con la inclusin̤ social y educativa, econm̤ico-laboral y en los territorios. 
506 1 |a Disponible solo en los productos indicados  |d vLex Global  |d vLex Global (Academic Edition, excluding Law Schools)  |d vLex Global (U.S. Academic Edition, Law Schools)  |d vLex Global (U.S. Academic Edition, excluding Law Schools)  |d vLex Global (Academic Edition, Law Schools) 
650 0 4 |a Derecho Laboral y Seguridad Social  |z Espaą 
700 1 |a Cano Montero, Elisa Isabel 
700 1 |a Ramiro, Beatriz Esteban 
700 1 |a Gonzl̀ez Da̕z, Ivǹ 
740 0 |a vLex Libros (Servicio en ln̕ea) 
856 4 0 |u https://app.vlex.com/#/sources/37087  |z Acceso restringido 
942 |c BOOK 
999 0 |a Labor law and social security